Capitali che iniziano con la V - Statistics

Statistiche generali
  • Questo quiz è stato fatto 97 volte
  • Il punteggio medio è 4 su 6
Statistiche sulle risposte
Popolazione (ab.) Continente Capitale % Corretto
1 915 338 Europa Vienna
88%
5 668 Europa Vaduz
81%
520 080 Europa Vilnius
79%
1 790 658 Europa Varsavia
78%
820 940 Asia Vientiane
58%
26 450 Africa Victoria
37%
Nessun quiz corrispondente trovato
Distribuzione punteggi
Percentuale di utenti per punteggio
Percentile per numero di risposta
I tuoi punteggi nel tempo
Non hai fatto questo quiz